Koncepčný návrh brzdného systému zadnej nápravy nákladného vozidla

Uložené v:
Podrobná bibliografia
Hlavný autor: Kuchmenko, Yevhenii (Autor)
Ďalší autori: Protasov, Roman (Vedúci práce)
Médium: Rukopis Kniha
Jazyk:Slovak
Vydavateľské údaje: 2025
Predmet:
On-line prístup:http://is.stuba.sk/zp/portal_zp.pl?podrobnosti=178930
Tagy: Pridať tag
Žiadne tagy, Buďte prvý, kto otaguje tento záznam!

MARC

LEADER 00000ntm a22000003a 4500
001 stuzp105492
003 SK-STU
005 20250628212827.5
007 ta
008 150427s2015----xo-----f-mn---000-0-slo-d
040 |a STU  |b slo 
041 0 |a slo 
100 1 |a Kuchmenko, Yevhenii  |u 020030  |4 aut  |U SjF Strojnícka fakulta  |T SjF Ústav automobilového inžinierstva a konštruovania  |X 122786  |U J0030  |Y 806  |7 122786 
242 0 1 |a Conceptual Design of Rear Axle Brake System for Commercial Vehicle  |y eng 
245 1 0 |a Koncepčný návrh brzdného systému zadnej nápravy nákladného vozidla 
260 |c 2025 
650 4 |a MKP analýza  |2 slo 
650 4 |a nákladné vozidlá  |2 slo 
650 4 |a CAD modelovanie  |2 slo 
650 4 |a zadná náprava  |2 slo 
650 4 |a pneumatické kotúčové brzdy  |2 slo 
650 4 |a commercial vehicles  |2 eng 
650 4 |a pneumatic disc brakes  |2 eng 
650 4 |a FEA analysis  |2 eng 
650 4 |a rear axle  |2 eng 
650 4 |a CAD modeling  |2 eng 
700 1 |a Protasov, Roman  |u 020030  |k Z1  |4 ths  |U SjF Strojnícka fakulta  |T SjF Ústav automobilového inžinierstva a konštruovania  |X 101680  |U J0030  |Y 806  |7 101680 
856 4 |u http://is.stuba.sk/zp/portal_zp.pl?podrobnosti=178930